Estética fotográfica: una selección de textos.

Kaydedildi:
Detaylı Bibliyografya
Diğer Yazarlar: Fontcuberta, Joan (Editör)
Materyal Türü: Kitap
Dil:İngilizce
Baskı/Yayın Bilgisi: Barcelona, España: Gustavo Gili, 2003.
Edisyon:1a. edición.
Seri Bilgileri:Fotografía
Konular:
Etiketler: Etiketle
Etiket eklenmemiş, İlk siz ekleyin!

MARC

LEADER 00000nam a22000007a 4500
003 CL-VaPUC
005 20250321101927.0
008 250120t2003 ||||| |||| 00| 0 eng d
999 |c 446683  |d 446681 
020 |a 9788425219153 
040 |c Pontificia Universidad Católica de Valparaíso 
082 0 4 |a 770.1 FON 2003  |2 21 
100 |a Fontcuberta, Joan  |e editor  |9 895644 
245 1 0 |a Estética fotográfica:   |b una selección de textos. 
250 |a 1a. edición.  
260 |a Barcelona, España:  |b Gustavo Gili,  |c 2003. 
300 |a 287 páginas :  |b  ilustraciones.  
490 0 |a Fotografía 
500 |a c.1-c.5. Instituto Arcos 8-1-2025. 
583 |a last modification  |c 20140227 11:27:00  |k GC 
650 0 |a Fotografías artísticas  |9 895194  |x Estética   |x Crítica e interpretación  
942 |c BK  |2 ddc  |n 0 
952 |0 0  |1 0  |2 ddc  |4 0  |6 770_100000000000000_FON_2003  |7 0  |8 A  |9 599600  |a BIBINC  |b BIBINC  |d 2025-01-20  |e Instituto Arcos  |i 5664608  |o 770.1 FON 2003  |p 5664608  |r 2025-01-20  |t 1  |w 2025-01-20  |y BK  |k IFP 
952 |0 0  |1 0  |2 ddc  |4 0  |6 770_100000000000000_FON_2003  |7 0  |8 A  |9 599601  |a BIBINC  |b BIBINC  |d 2025-01-20  |e Instituto Arcos  |i 5664609  |o 770.1 FON 2003  |p 5664609  |r 2025-01-20  |t 2  |w 2025-01-20  |y BK  |k IFP 
952 |0 0  |1 0  |2 ddc  |4 0  |6 770_100000000000000_FON_2003  |7 0  |8 A  |9 599608  |a BIBINC  |b BIBINC  |d 2025-01-20  |e Instituto Arcos  |i 5664614  |o 770.1 FON 2003  |p 5664614  |r 2025-01-20  |t 3  |w 2025-01-20  |y BK  |k IFP 
952 |0 0  |1 0  |2 ddc  |4 0  |6 770_100000000000000_FON_2003  |7 0  |8 A  |9 599609  |a BIBINC  |b BIBINC  |d 2025-01-20  |e Instituto Arcos  |i 5664615  |l 1  |m 1  |o 770.1 FON 2003  |p 5664615  |r 2025-04-15  |s 2025-04-01  |t 4  |w 2025-01-20  |y BK  |k IFP 
952 |0 0  |1 0  |2 ddc  |4 0  |6 770_100000000000000_FON_2003  |7 0  |8 A  |9 600275  |a BIBINC  |b BIBINC  |d 2025-01-31  |e Instituto Arcos  |i 5665191  |o 770.1 FON 2003  |p 5665191  |r 2025-01-31  |t 5  |w 2025-01-31  |y BK  |k IFP